| 000 | 01085nam a2200253Ia 4500 | ||
|---|---|---|---|
| 001 | 832-HOC ro vi (22144) | ||
| 003 | IT-MiSPE | ||
| 008 | 171229s9999||||xx |||||||||||||| ||und|| | ||
| 040 |
_aIT-MiSPE _cIT-MiSPE |
||
| 041 | _aITALIANO | ||
| 100 | _aRolf Hochhut | ||
| 240 | _aDer Stellvertreter | ||
| 245 | 0 |
_aIl Vicario _bDramma in 5 atti |
|
| 250 | _a1a ed. (v) | ||
| 260 |
_aPorto Sant'Elpidio (AP) _bWizarts _c2003 |
||
| 300 |
_a430 p. _c20 cm |
||
| 501 | _aEdizioni San Paolo srl - Piazza Soncino, 5 - 20092 CINISELLO BALSAMO (MI) (non commercial uses only) ® Copyright 2018 | ||
| 520 | _aCarlo Bo (pref.), Erwin Piscator (nota) | ||
| 700 | _aCarlo Bo | ||
| 700 |
_aIppolito Pizzetti _g(traduzione) |
||
| 942 | _cBK | ||
| 957 | _71 | ||
| 999 |
_a13511 _bNO _g Copie: 1 _c353070 _d353070 |
||